<?xml version="1.0" encoding="UTF-8"?><?xml-stylesheet type="text/xsl" href="static/style.xsl"?><OAI-PMH xmlns="http://www.openarchives.org/OAI/2.0/" xmlns:xsi="http://www.w3.org/2001/XMLSchema-instance" xsi:schemaLocation="http://www.openarchives.org/OAI/2.0/ http://www.openarchives.org/OAI/2.0/OAI-PMH.xsd"><responseDate>2026-06-01T12:32:42Z</responseDate><request verb="GetRecord" identifier="oai:riuma.uma.es:10630/30474" metadataPrefix="marc">https://riuma.uma.es/rest/oai/request</request><GetRecord><record><header><identifier>oai:riuma.uma.es:10630/30474</identifier><datestamp>2026-02-03T10:25:19Z</datestamp><setSpec>com_10630_1685</setSpec><setSpec>col_10630_38055</setSpec></header><metadata><record xmlns="http://www.loc.gov/MARC21/slim" xmlns:dcterms="http://purl.org/dc/terms/" xmlns:doc="http://www.lyncode.com/xoai" xmlns:xsi="http://www.w3.org/2001/XMLSchema-instance" xsi:schemaLocation="http://www.loc.gov/MARC21/slim http://www.loc.gov/standards/marcxml/schema/MARC21slim.xsd">
   <leader>00925njm 22002777a 4500</leader>
   <datafield ind2=" " ind1=" " tag="042">
      <subfield code="a">dc</subfield>
   </datafield>
   <datafield ind2=" " ind1=" " tag="720">
      <subfield code="a">Quirante Pérez, Jesús Javier</subfield>
      <subfield code="e">author</subfield>
   </datafield>
   <datafield ind2=" " ind1=" " tag="260">
      <subfield code="c">2023</subfield>
   </datafield>
   <datafield ind2=" " ind1=" " tag="520">
      <subfield code="a">El protocolo CAN Bus utilizado en los automóviles es el que hace posible que todos los componentes electrónicos funcionen correctamente. Este protocolo no es del todo seguro, por lo que se ha diseñado una herramienta capaz de realizar ciertas funciones dentro de la red, tales como la monitorización y/o almacenaje del tráfico que circula en el vehículo&#xd;
en tiempo real, así como la modificación e inyección de ese tráfico en la red.&#xd;
Para esto, primero es necesario entender como funciona el protocolo CAN Bus, para qué se usa, qué tipos de tramas circulan por la red y por qué se utiliza. Una vez sepamos cómo funciona y queramos usar la herramienta para modificar el comportamiento del coche, es importante hacer un análisis de las vulnerabilidades y los tipos de ataques que se han realizado para ello.</subfield>
   </datafield>
   <datafield ind1="8" ind2=" " tag="024">
      <subfield code="a">https://hdl.handle.net/10630/30474</subfield>
   </datafield>
   <datafield tag="653" ind2=" " ind1=" ">
      <subfield code="a">Sistemas de seguridad</subfield>
   </datafield>
   <datafield tag="653" ind2=" " ind1=" ">
      <subfield code="a">Automóviles - Medidas de seguridad</subfield>
   </datafield>
   <datafield tag="653" ind2=" " ind1=" ">
      <subfield code="a">E.T.S.I. Informática - Trabajos Fin de Grado</subfield>
   </datafield>
   <datafield tag="653" ind2=" " ind1=" ">
      <subfield code="a">Grado en Ingeniería Informática - Trabajos Fin de Grado</subfield>
   </datafield>
   <datafield ind2="0" ind1="0" tag="245">
      <subfield code="a">Diseño de una herramienta para monitorzación y test de intrusión en el protocolo CAN bus.</subfield>
   </datafield>
</record>
</metadata></record></GetRecord></OAI-PMH>